000 00733nam a22002297a 4500
003 UA-OsUOA
001 134659
007 ta
008 20181207b un ||||| |||| 00| 0 ukr d
090 _a81
_bS-78
942 _cMGN
040 _aUA-OsUOA
_beng
_cUA-OsUOA
_dUA-OsUOA
245 _aSlavic Review (Колекція Полковського В.)
_cYfrold H. Fisher
955 _a1
041 _aeng
080 _a81
260 _c1967
246 3 1 _aAmerican Quarterly of Social and East European Studies
_n4
044 _aUS
773 0 _w134644
_tSlavic Review (Колекція Полковського В.)
650 7 _a8 Мовознавство. Художня література. Літературознавство
_2UDC
999 _c423586
_d423586